| 000 | 00803nam a2200205 a 4500 | ||
|---|---|---|---|
| 005 | 20230525063545.0 | ||
| 008 | 991125s1994 mx 000 0 spa u | ||
| 020 | _a9682965888 | ||
| 035 | _aUPN01000007919 | ||
| 049 | _aLTG | ||
| 050 | 4 |
_aLB1585 _bM6.3 1994 LM |
|
| 245 | 0 | 0 |
_aCiencias naturales : _bsugerencias para su enseñanza : tercer y cuarto grados / _cMaría del Refugio Camacho Orozco ... [et al.] ; coord. Noemí García García. |
| 260 |
_aMéxico : _bSEP, Comisión Nacional de los Libros de Texto Gratuitos, _c1994. |
||
| 300 |
_a66 p. : _bfotos |
||
| 500 | _aLibro de texto gratuito | ||
| 650 | 4 |
_aCiencias naturales _xEstudio y enseñanza (Elemental) _92812 |
|
| 700 | 1 |
_aCamacho Orozco, María del Refugio, _ecoaut. |
|
| 700 | 1 |
_aGarcía García, Noemí, _ecoord. _932630 |
|
| 905 | _aLibro | ||
| 999 |
_c7919 _d7919 |
||